000 00559cam a22002291 4500
001 sa 65006464
003 DLC
005 20260227112142.0
008 950117s1964 ii ac 000 0 tamo
010 _asa 65006464
025 _aPL480:I-T-1129
035 _a(OCoLC)31829454
040 _aDLC
_cCU
_dCU
_dDLC
042 _apremarc
050 0 0 _aPL4758.9.S883
_bV3
100 1 _aSundaram, S. D.,
_d1921-
245 1 0 _aVān̲amutam.
260 _c[1964]
300 _a14, lxvii, 175 p.
_bill., ports.
_c18 cm.
500 _aIn Tamil.
500 _aPoems.
999 _c64661
_d64661